| 000 | 01735nam a2200241 a 4500 | ||
|---|---|---|---|
| 001 | 000027188 | ||
| 005 | 20240410073847.0 | ||
| 008 | 110330s1999 dr 000 0bspa d | ||
| 040 |
_aDO-SdBNP _bspa _cBNPHU |
||
| 082 |
_a923.17293 _bH594T, 1999 |
||
| 100 | 1 |
_aTejada, Adriano Miguel _d1948-2020 _98560 |
|
| 245 | 1 | 3 |
_aEl ajusticiamiente de Lilís / _cAdriano Miguel Tejada. |
| 250 | _aEdición Especial con motivo de conmemorarse el Centenario de la Gesta del 26 de julio de 1899. | ||
| 260 |
_aSanto Domingo : _bComisión Oficial de Efemérides Patrias, _c1999. |
||
| 300 |
_a105 p. ; _c22 cm. |
||
| 504 | _aIncluye referencias bibliográficas y notas al pie de páginas | ||
| 505 | 0 |
_tPresentación / _rSimón Lizardo Mézquita -- _tBenditos los que matan -- _tAntecedentes -- _tEl viaje -- _tLa penúltima hora -- _tLa muerte -- _tEl epílogo -- _tLas versiones -- _tLa versión de Don Pedro Troncoso Sánchez -- _tLa versión de Don Emilio Rodríguez Demorizi -- _tLa versión de Don Bimbe González -- _tCómo mueren los tiranos y desaparecen las dictaduras / _rJosé Brache -- _tEl 26 de julio de 1899 / _rJulio Jaime Julia -- _tInforme a la Academia Dominicana de la Historia de la aparición , comprobación y traslado de los restos del Presidente General Ulises Heureaux / _rCarlos Dobal -- _tLilís y la cultura política del dominicano -- _tEl folklore como mecanismo de control político en Heureaux -- _tBreve biografía del General Ulises Heureaux (Lílis) -- |
|
| 590 | _aInventariado, 2020/VM | ||
| 600 | 1 | 0 |
_a Heureaux, Ulises, _d1845-1899 _9598 |
| 650 | 4 |
_aPresidentes _zRepública Dominicana _vBIOGRAFÍAS _91288 |
|
| 651 | 0 |
_aRepública Dominicana -- _xHistoria -- _y1844-1930 _91009 |
|
| 910 | _aValidado. Control de calidad MMOLINA | ||
| 999 |
_c26680 _d26680 |
||